[Event "IND-ch U11"]
[Site "Visakhapatnam"]
[Date "2023.10.01"]
[Round "1"]
[White "Sanjay Narayanan, PS."]
[Black "Sanikommu, Jaideep Reddy"]
[Result "1-0"]
[WhiteElo "1659"]
[BlackElo "1148"]
[PlyCount "111"]
[EventDate "2023.10.01"]
[EventType "swiss"]
[EventRounds "11"]
[EventCountry "IND"]
[SourceTitle "EXT 2025"]
[Source "ChessBase"]
[SourceDate "2024.10.14"]
[SourceVersion "1"]
[SourceVersionDate "2024.10.14"]
[SourceQuality "1"]

1. e4 e6 2. d4 d5 3. e5 c5 4. c3 Qb6 5. Nf3 Nc6 6. Be2 Nge7 7. dxc5 Qc7 8. 0-0 Nxe5 9. Nxe5 Qxe5 10. Bb5+ Nc6 11. Be3 Be7 12. Bd4 Qg5 13. f4 Qh6 14. Nd2 0-0 15. Bd3 e5 16. Be3 exf4 17. Bxf4 Bg5 18. Bxg5 Qxg5 19. Nb3 Bg4 20. Qd2 Qxd2 21. Nxd2 d4 22. cxd4 Nxd4 23. Rf4 Ne2+ 24. Bxe2 Bxe2 25. Ne4 Rac8 26. b4 b6 27. Nd6 Rc7 28. Re1 Bd3 29. Rf3 Ba6 30. Ra3 Bc8 31. Nb5 Rb7 32. c6 Rb8 33. Rxa7 Be6 34. c7 Ra8 35. Rxa8 Rxa8 36. Rxe6 fxe6 37. Nd6 Kf8 38. c8Q+ Rxc8 39. Nxc8 b5 40. Nd6 e5 41. Nxb5 e4 42. Kf2 Ke7 43. Ke3 Ke6 44. Kxe4 g6 45. a4 h6 46. a5 g5 47. a6 h5 48. a7 g4 49. a8Q h4 50. Qe8+ Kf6 51. Nd6 g3 52. Qf7+ Kg5 53. Qg7+ Kh5 54. Kf5 gxh2 55. Ne4 h1Q 56. Nf6# 1-0

[Event "Wch U08"]
[Site "Batumi"]
[Date "2022.09.26"]
[Round "10"]
[White "Sanikommu, Jaideep Reddy"]
[Black "Jumanazarov, Ibroxim"]
[Result "0-1"]
[WhiteElo "1239"]
[BlackElo "1388"]
[PlyCount "92"]
[EventDate "2022.09.16"]
[EventType "swiss"]
[EventRounds "11"]
[EventCountry "GEO"]
[SourceTitle "EXT 2023"]
[Source "ChessBase"]
[SourceDate "2022.10.05"]
[SourceVersion "1"]
[SourceVersionDate "2022.10.05"]
[SourceQuality "1"]

1. d4 d5 2. Bg5 Nf6 3. e3 h6 4. Bxf6 exf6 5. Bd3 Bd6 6. Nf3 0-0 7. 0-0 Bg4 8. Nbd2 Nd7 9. c3 c6 10. h3 Bh5 11. Qc2 Bxf3 12. Nxf3 Re8 13. Rfe1 Nf8 14. Rad1 Ne6 15. Qb3 Qc7 16. Rc1 b5 17. e4 Nf4 18. Bb1 dxe4 19. Bxe4 f5 20. Bxf5 Ne2+ 21. Rxe2 Rxe2 22. Bd3 Re7 23. d5 Bf4 24. Rd1 a6 25. dxc6 Qxc6 26. Nd4 Qf6 27. g3 Be5 28. Qd5 Rae8 29. Qe4 g6 30. Qd5 Bxd4 31. cxd4 Qe6 32. Qxe6 Rxe6 33. Kg2 Rd6 34. Bc2 Red8 35. Bb3 Rxd4 36. Rc1 R4d6 37. Rc5 Kf8 38. Rc7 R8d7 39. Rc8+ Ke7 40. Rh8 h5 41. Rh7 Kf6 42. g4 hxg4 43. hxg4 Rd4 44. Kg3 Rd3+ 45. f3 Rd2 46. Rh1 Rxb2 0-1